| 000 | 00440nam a22001697a 4500 | ||
|---|---|---|---|
| 003 | NUST - PNEC | ||
| 005 | 20170116180919.0 | ||
| 008 | 150904b xxu||||| |||| 00| 0 eng d | ||
| 020 | _a007002491X | ||
| 040 | _cLIBRARY | ||
| 082 | _a620.72 AUS | ||
| 100 |
_97685 _a Auslander, David M |
||
| 245 |
_aIntroducing systems and control _c David M Auslander |
||
| 260 | _cc 1974 | ||
| 650 |
_97515 _aSystem Analysis _xME, EL |
||
| 942 |
_2ddc _cBK |
||
| 999 |
_c65575 _d65575 |
||